| 000 | 01363cam a22003374a 4500 | ||
|---|---|---|---|
| 001 | 13858705 | ||
| 003 | OSt | ||
| 005 | 20240617104802.0 | ||
| 008 | 050202s2005 nyua b 001 0 eng | ||
| 010 | _a 2005043044 | ||
| 020 | _a0375423133 | ||
| 040 |
_aMUST LIB _cMUST _dMUST |
||
| 042 | _apcc | ||
| 050 | 0 | 0 |
_aQA276 _b.C435 2005 |
| 082 | 0 | 0 |
_a510 _222 _bCHA |
| 100 | 1 |
_aChaitin, Gregory J. _917305 |
|
| 245 | 1 | 0 |
_aMeta math! : _bthe quest for omega / _cGregory Chaitin. |
| 250 | _a1st ed. | ||
| 260 |
_aNew York : _bPantheon Books, _c2005. |
||
| 300 |
_axiv, 220 p. : _bill. ; _c24 cm. |
||
| 504 | _aIncludes bibliographical references (p. 204-206) and index. | ||
| 650 | 0 |
_aMachine theory. _915846 |
|
| 650 | 0 |
_aComputational complexity. _911599 |
|
| 650 | 0 |
_aStochastic processes. _915858 |
|
| 856 | 4 | 2 |
_3Contributor biographical information _uhttp://www.loc.gov/catdir/enhancements/fy0624/2005043044-b.html |
| 856 | 4 | 2 |
_3Publisher description _uhttp://www.loc.gov/catdir/enhancements/fy0624/2005043044-d.html |
| 856 | 4 | 1 |
_3Sample text _uhttp://www.loc.gov/catdir/enhancements/fy0624/2005043044-s.html |
| 906 |
_a7 _bcbc _corignew _d1 _eocip _f20 _gy-gencatlg |
||
| 942 |
_2ddc _cBOOK |
||
| 999 |
_c8519 _d8519 |
||